000 00509nmm a2200169Ia 4500
008 251105s9999||||xx |||||||||||||||||und||
041 _aspa
100 _aSöderberg, Hjalmar
245 0 _aEl juego serio
264 _a[Madrid, España] :
_bNordica Libros,
_c[Fecha de publicación no identificada]
300 _a0 páginas
650 _aSpanish narrative
700 _aSöderberg, Hjalmar
700 1 _a García Salgado, Neila
856 _uhttps://public.digitaliapublishing.com/a/98743
942 _cCF
999 _c71556
_d71556